| 000 | 00378nam a2200133Ia 4500 | ||
|---|---|---|---|
| 008 | 220217s9999||||xx |||||||||||||| ||und|| | ||
| 020 | _a9788126519316 | ||
| 082 | _a621.392 PAD | ||
| 100 |
_aPadmanabhan, T.R and Sundari, Bala, S.T _98165 |
||
| 245 | 0 | _aDesign through verilog HDL | |
| 260 |
_aWiley india _bNew Delhi _c2010 |
||
| 300 |
_aXII, 455p. _b399 |
||
| 650 | _aVHDL | ||
| 999 |
_c182889 _d182889 |
||